000 00473nam a22001217a 4500
082 _a200 THE
100 _aAyesha Fatima
_915815
245 _aTH-SOF-1298-Decision Support System for Screening of Tuberculosis from Chest Radiographs Using Hybrid Dominant Features
260 _aIslamabad
_bNUST College of EME
_c2016
650 _a MS-COMPUTER ENGINEERING-81 MSTHESIS
700 _aSupervisor Dr. Muhammad Usman Akram Co-Supervisor Dr. Mahmood Akhtar
_969829
942 _cCF
999 _c577198
_d577198